[Event "TCh-RUS Premier 2022"]
[Site "Sochi RUS"]
[Date "2022.05.07"]
[Round "5.1"]
[Board "4"]
[White "Sviridov, Valery"]
[Black "Grachev, Boris"]
[Result "0-1"]
[BlackTitle "GM"]
[WhiteElo "2569"]
[BlackElo "2615"]
[WhiteTeam "Shkola im. M.M.Botvinnika (g. Moskva)"]
[BlackTeam "Shakhmatnaya sbornaya Moskvy"]
[WhiteFideId "4120680"]
[BlackFideId "4129199"]
[EventDate "2022.05.01"]

1. d4 d5 2. c4 e6 3. Nf3 Nf6 4. g3 dxc4 5. Bg2 Bb4+ 6. Bd2 a5 7. Qc2 Bxd2+ 8.
Nbxd2 b5 9. a4 c6 10. b3 cxb3 11. Nxb3 O-O 12. O-O b4 13. e4 Nbd7 14. Ne5 Nxe5
15. dxe5 Nd7 16. Qxc6 Ba6 17. Rfd1 Nxe5 18. Rxd8 Nxc6 19. Rxa8 Rxa8 20. Rc1 Rc8
21. Rc5 Nb8 22. Rxa5 Rd8 0-1

[Event "TCh-RUS Premier 2022"]
[Site "Sochi RUS"]
[Date "2022.05.07"]
[Round "5.1"]
[Board "5"]
[White "Motylev, Alexander"]
[Black "Makarian, Rudik"]
[Result "0-1"]
[WhiteTitle "GM"]
[BlackTitle "IM"]
[WhiteElo "2633"]
[BlackElo "2523"]
[WhiteTeam "Shakhmatnaya sbornaya Moskvy"]
[BlackTeam "Shkola im. M.M.Botvinnika (g. Moskva)"]
[WhiteFideId "4121830"]
[BlackFideId "44105681"]
[EventDate "2022.05.01"]

1. e4 c5 2. Nf3 e6 3. c3 d5 4. exd5 Qxd5 5. d4 Nf6 6. Na3 a6 7. Nc4 Nbd7 8. Be2
Be7 9. O-O b5 10. Nfd2 Qc6 11. Bf3 Nd5 12. Na5 Qc7 13. c4 bxc4 14. Ndxc4 O-O 15.
dxc5 Nxc5 16. Bd2 Rb8 17. Qe2 Bf6 18. Rac1 Bd7 19. Rfd1 Bb5 20. b3 Rfc8 21. a3
Qe7 22. Bxd5 exd5 23. Qxe7 Bxe7 24. Ne3 Be2 25. Nxd5 Bf8 26. Re1 0-1

[Event "TCh-RUS Premier 2022"]
[Site "Sochi RUS"]
[Date "2022.05.07"]
[Round "5.1"]
[Board "6"]
[White "Kukhmazov, Arsen"]
[Black "Demidov, Mikhail"]
[Result "0-1"]
[WhiteTitle "IM"]
[BlackTitle "GM"]
[WhiteElo "2482"]
[BlackElo "2571"]
[WhiteTeam "Shkola im. M.M.Botvinnika (g. Moskva)"]
[BlackTeam "Shakhmatnaya sbornaya Moskvy"]
[WhiteFideId "24108260"]
[BlackFideId "4197143"]
[EventDate "2022.05.01"]

1. d4 Nf6 2. c4 c5 3. d5 b5 4. cxb5 a6 5. e3 e6 6. dxe6 fxe6 7. Nc3 d5 8. Nf3
Be7 9. Be2 O-O 10. O-O axb5 11. Bxb5 Bb7 12. Qe2 Nc6 13. Rd1 Qc7 14. h3 Rad8 15.
Bd3 Nb4 16. Bb1 Ba6 17. Qe1 Nd7 18. a3 Nc6 19. Nh2 c4 20. Bd2 Nc5 21. Ne2 e5 22.
Bc3 Nb3 23. Ba2 Nxa1 24. Rxa1 d4 25. Bd2 Kh8 26. Ng3 Qb6 27. Rb1 Bc5 28. Ng4
dxe3 29. Nxe3 Bxe3 30. Bxe3 Nd4 31. Qc3 Qc6 32. Kh2 Qd5 33. Rg1 Rb8 34. Rc1 Rfc8
35. Re1 Bb7 36. f3 Ba8 37. Ne4 h6 38. Qc1 Qe6 39. Bb1 Qb6 40. Bxd4 exd4 41. Qf4
Rf8 42. Qg3 Rbd8 43. Nd2 Bd5 44. Re7 Qb8 45. Rc7 Rf7 46. Rc5 Qxg3+ 47. Kxg3 d3
48. b3 cxb3 49. Bxd3 Be6 50. Bc4 Bxc4 51. Nxc4 Rb7 52. Na5 Rbb8 0-1

[Event "TCh-RUS Premier 2022"]
[Site "Sochi RUS"]
[Date "2022.05.07"]
[Round "5.2"]
[Board "1"]
[White "Esipenko, Andrey"]
[Black "Shubin, Kirill"]
[Result "1-0"]
[WhiteTitle "GM"]
[BlackTitle "IM"]
[WhiteElo "2709"]
[BlackElo "2472"]
[WhiteTeam "Mednyy vsadnik (g. Sankt-Peterburg)"]
[BlackTeam "SShOR po shakhmatam i shashkam (g. Sankt-Pete"]
[WhiteFideId "24175439"]
[BlackFideId "34119962"]
[EventDate "2022.05.01"]

1. e4 e6 2. d4 d5 3. Nc3 Bb4 4. e5 c5 5. a3 Bxc3+ 6. bxc3 Qc7 7. h4 f6 8. Nf3
Nc6 9. Bf4 Qa5 10. Qd2 fxe5 11. Nxe5 Nge7 12. Bd3 cxd4 13. cxd4 Qxd2+ 14. Bxd2
Nxd4 15. Bc3 Ndf5 16. g4 Nd6 17. Bb4 Nf7 18. Bb5+ Kf8 19. f4 a5 20. Bc3 Nxe5 21.
Bxe5 h5 22. O-O-O hxg4 23. Rdg1 Nf5 24. Rxg4 b6 25. Bd3 Rh7 26. Rhg1 Ra7 27.
Bxf5 exf5 28. Rg6 Rd7 29. h5 Bb7 30. Bd4 b5 31. R1g5 b4 32. axb4 axb4 33. Kb2
Rc7 34. Rxf5+ Rf7 35. Bc5+ Kg8 36. Re5 1-0

[Event "TCh-RUS Premier 2022"]
[Site "Sochi RUS"]
[Date "2022.05.07"]
[Round "5.2"]
[Board "2"]
[White "Usmanov, Vasily"]
[Black "Chigaev, Maksim"]
[Result "1-0"]
[WhiteTitle "IM"]
[BlackTitle "GM"]
[WhiteElo "2447"]
[BlackElo "2631"]
[WhiteTeam "SShOR po shakhmatam i shashkam (g. Sankt-Pete"]
[BlackTeam "Mednyy vsadnik (g. Sankt-Peterburg)"]
[WhiteFideId "4135741"]
[BlackFideId "4108116"]
[EventDate "2022.05.01"]

1. d4 Nf6 2. Bg5 Ne4 3. Bf4 d5 4. Nd2 Bf5 5. e3 e6 6. Ne2 Nf6 7. c4 c6 8. Qb3
Qc8 9. Ng3 Bg6 10. h4 h6 11. Rc1 Nbd7 12. h5 Bh7 13. Be2 Be7 14. Bf3 O-O 15. O-O
Re8 16. Rfe1 Nb6 17. c5 Nbd7 18. e4 dxe4 19. Ngxe4 Nxe4 20. Nxe4 Bxe4 21. Bxe4
Nf6 22. Be5 Qd7 23. Rc3 Nxe4 24. Rxe4 Qd5 25. Rg4 f6 26. Rxg7+ Kxg7 27. Rg3+ Kf8
28. Qe3 Red8 29. Qxh6+ Ke8 30. Bxf6 Bxf6 31. Qxf6 Kd7 32. h6 Kc7 33. h7 Rd7 34.
Rg8 Qe4 35. h8=Q Qb1+ 36. Kh2 Qh7+ 37. Qxh7 Rxh7+ 38. Kg1 Rxg8 39. Qxe6 Rd8 40.
f4 Rdd7 41. Qe5+ Kc8 42. Qe8+ Kc7 43. Qe5+ Kc8 44. f5 Rhe7 45. Qf4 Re1+ 46. Kf2
Rd1 47. f6 R1xd4 48. Qe5 Rd2+ 49. Kg1 Rd1+ 50. Kh2 Rh7+ 51. Kg3 Rdd7 52. Qe8+
Kc7 53. Qe5+ Kc8 54. Kf2 b6 55. g4 Kb7 56. g5 Rh1 57. cxb6 axb6 58. Kg2 Rhd1 59.
g6 R7d2+ 60. Kf3 Rf1+ 61. Ke3 Rdd1 62. Qe7+ Ka6 63. Qa3+ Kb7 64. Qe7+ Ka6 65.
Qa3+ Kb7 66. g7 Rde1+ 67. Kd2 Rd1+ 68. Kc3 Rc1+ 69. Kd4 Rcd1+ 70. Ke4 Rde1+ 71.
Qe3 1-0

[Event "TCh-RUS Premier 2022"]
[Site "Sochi RUS"]
[Date "2022.05.07"]
[Round "5.2"]
[Board "3"]
[White "Sakaev, Konstantin"]
[Black "Timerkhanov, Alexander"]
[Result "1/2-1/2"]
[WhiteTitle "GM"]
[BlackTitle "FM"]
[WhiteElo "2603"]
[BlackElo "2392"]
[WhiteTeam "Mednyy vsadnik (g. Sankt-Peterburg)"]
[BlackTeam "SShOR po shakhmatam i shashkam (g. Sankt-Pete"]
[WhiteFideId "4104226"]
[BlackFideId "24177938"]
[EventDate "2022.05.01"]

1. d4 d5 2. c4 e6 3. Nc3 a6 4. cxd5 exd5 5. Bf4 Nf6 6. e3 Be6 7. Nf3 Bd6 8. h3
Qe7 9. Bxd6 Qxd6 10. Bd3 Nbd7 11. Qc2 h6 12. Nh4 Rc8 13. O-O O-O 14. Nf3 Rfe8
15. Rfd1 c6 16. Rac1 Re7 17. Re1 Rce8 18. Qb3 Qb8 19. Qb4 g5 20. Ne2 Ne4 21.
Bxe4 dxe4 22. Nd2 f5 23. Nc4 Bxc4 24. Qxc4+ Rf7 25. Qb3 Kg7 26. Ng3 Kg6 27. Red1
Rf6 28. Rc3 h5 29. h4 gxh4 30. Ne2 Kh6 31. Nf4 Rg8 32. d5 Ne5 33. dxc6 bxc6 34.
Qxb8 Rxb8 35. b3 Ng6 36. Ne2 h3 37. gxh3 Ne5 38. Nf4 Rg8+ 39. Kf1 Nf3 40. Ke2
Ng1+ 41. Kf1 Nf3 42. Ke2 Ng1+ 1/2-1/2

[Event "TCh-RUS Premier 2022"]
[Site "Sochi RUS"]
[Date "2022.05.07"]
[Round "5.2"]
[Board "4"]
[White "Schekachikhin, Maksim"]
[Black "Ponkratov, Pavel"]
[Result "0-1"]
[WhiteTitle "IM"]
[BlackTitle "GM"]
[WhiteElo "2433"]
[BlackElo "2624"]
[WhiteTeam "SShOR po shakhmatam i shashkam (g. Sankt-Pete"]
[BlackTeam "Mednyy vsadnik (g. Sankt-Peterburg)"]
[WhiteFideId "24177830"]
[BlackFideId "4157800"]
[EventDate "2022.05.01"]

1. c4 Nf6 2. Nc3 e6 3. e4 c5 4. e5 Ng8 5. d4 cxd4 6. Qxd4 Nc6 7. Qf4 d6 8. Nf3
Nge7 9. exd6 Ng6 10. Qe4 Bxd6 11. Bd2 f5 12. Qc2 Bd7 13. O-O-O Nb4 14. Qb3 a5
15. Nb5 Be7 16. Bxb4 axb4 17. h4 Qa5 18. h5 Nf8 19. Kb1 Bc6 20. Ne5 Bf6 21. Nd3
Nd7 22. Nxb4 Nc5 23. Qa3 Qxa3 24. Nxa3 Ne4 25. Nd3 Nc3+ 26. bxc3 Rxa3 27. Nb4
Ba4 28. Rc1 Rxc3 29. Bd3 Kf7 30. Rxc3 Bxc3 31. Bc2 Ra8 32. Nd3 Bc6 33. f3 Kf6
34. Bb3 e5 35. Kc2 Ba5 36. Nb2 e4 37. Ba4 Bxa4+ 38. Nxa4 e3 39. Kd3 f4 40. Rd1
Bb4 41. Nb6 Ra3+ 0-1

[Event "TCh-RUS Premier 2022"]
[Site "Sochi RUS"]
[Date "2022.05.07"]
[Round "5.2"]
[Board "5"]
[White "Goganov, Aleksey"]
[Black "Saveliev, Alexei"]
[Result "1/2-1/2"]
[WhiteTitle "GM"]
[BlackTitle "IM"]
[WhiteElo "2561"]
[BlackElo "2386"]
[WhiteTeam "Mednyy vsadnik (g. Sankt-Peterburg)"]
[BlackTeam "SShOR po shakhmatam i shashkam (g. Sankt-Pete"]
[WhiteFideId "24109959"]
[BlackFideId "24128546"]
[EventDate "2022.05.01"]

1. e4 c5 2. Nf3 d6 3. d4 cxd4 4. Nxd4 Nf6 5. Nc3 Nc6 6. f3 e5 7. Nb3 Be7 8. Be3
O-O 9. Be2 a5 10. Na4 d5 11. Nb6 d4 12. Nxa8 a4 13. Nd2 dxe3 14. Nc4 b5 15. Qxd8
Bxd8 16. Ncb6 Nd4 17. Bd3 Nd7 18. c3 Nxb6 19. Nxb6 Bxb6 20. cxd4 Bxd4 21. O-O-O
Be6 22. Kb1 Ra8 23. Bc2 a3 24. b3 g5 25. Rhe1 Kf8 26. Re2 Ke7 27. Bd3 b4 28. Rc2
g4 29. fxg4 Bxg4 30. Rf1 Be6 31. Rc7+ Kd6 32. Rcxf7 Bxf7 33. Rxf7 Rg8 34. g3 h5
35. Be2 Bc3 36. Rf6+ Kc5 37. Rf1 Rh8 38. Kc2 Bd2 39. Rf7 Kd4 40. Rc7 Kxe4 41.
Rc4+ Kd5 42. Bf3+ Ke6 43. Kd3 Rd8+ 44. Ke4 Bc3 45. Rc6+ Ke7 46. Rc7+ Kf8 47.
Bxh5 Rd2 48. Rf7+ Kg8 49. Re7 Rxh2 50. Re8+ Kg7 51. Re7+ Kf6 1/2-1/2

[Event "TCh-RUS Premier 2022"]
[Site "Sochi RUS"]
[Date "2022.05.07"]
[Round "5.2"]
[Board "6"]
[White "Vlasenko, Miroslav"]
[Black "Lobanov, Sergei"]
[Result "1/2-1/2"]
[WhiteTitle "IM"]
[BlackTitle "IM"]
[WhiteElo "2403"]
[BlackElo "2524"]
[WhiteTeam "SShOR po shakhmatam i shashkam (g. Sankt-Pete"]
[BlackTeam "Mednyy vsadnik (g. Sankt-Peterburg)"]
[WhiteFideId "4151887"]
[BlackFideId "24183750"]
[EventDate "2022.05.01"]

1. d4 Nf6 2. Nf3 d5 3. Bf4 e6 4. e3 Bd6 5. Nbd2 O-O 6. Bd3 Bxf4 7. exf4 b6 8.
Qe2 c5 9. c3 Qd6 10. g3 a5 11. O-O Ba6 12. Bxa6 Nxa6 13. a4 Rfb8 14. Rfd1 Nc7
15. c4 Na6 16. Ne5 Nb4 17. Ndf3 Rd8 18. Rac1 Ne4 19. dxc5 bxc5 20. Nh4 Rab8 21.
cxd5 exd5 22. Nf5 Qe6 23. Qg4 g6 24. Nh6+ Kg7 25. Qxe6 fxe6 26. Nhf7 Rdc8 27. f3
Nf6 28. Nd6 Rd8 29. Nb5 Rbc8 30. b3 Kf8 31. Rd2 Ke7 32. Kf2 Nd7 33. Nxd7 Kxd7
34. h4 Re8 35. Na7 Rc7 36. Nb5 Rcc8 37. Na7 Rc7 38. Nb5 1/2-1/2

[Event "TCh-RUS Premier 2022"]
[Site "Sochi RUS"]
[Date "2022.05.07"]
[Round "5.3"]
[Board "1"]
[White "Sjugirov, Sanan"]
[Black "Grischuk, Alexander"]
[Result "1/2-1/2"]
[WhiteTitle "GM"]
[BlackTitle "GM"]
[WhiteElo "2696"]
[BlackElo "2742"]
[WhiteTeam "Yuzhnyy Ural - 1 (Chelyabinskaya oblast)"]
[BlackTeam "Sportivnyy klub KPRF (g. Moskva)"]
[WhiteFideId "4189302"]
[BlackFideId "4126025"]
[EventDate "2022.05.01"]

1. Nf3 Nf6 2. c4 e6 3. Nc3 d5 4. e3 c5 5. d4 a6 6. cxd5 exd5 7. Bd3 c4 8. Bc2 b5
9. a3 Bb7 10. Ne5 Bd6 11. f4 Nbd7 12. O-O O-O 13. Qf3 Re8 14. g4 Nb6 15. g5 Ne4
16. Nxe4 dxe4 17. Qh5 Qc7 18. Bd2 a5 19. Ng4 Nd5 20. f5 Ra6 21. f6 g6 22. Qh4
Bf8 23. Be1 h5 24. gxh6 Kh7 25. Bg3 Bd6 26. Bxd6 Rxd6 27. Qg5 c3 28. b3 Rde6 29.
Rf5 Qd6 30. Re5 Rxe5 31. Nxe5 Qxf6 32. Qxf6 Nxf6 33. Rf1 Re6 34. Nd7 Nxd7 35.
Rxf7+ Kxh6 36. Rxd7 Bc6 37. Rd8 Bb7 38. Rb8 Re7 39. b4 a4 40. Rd8 Rf7 41. d5 Rf5
42. d6 Rd5 43. d7 Kg5 44. h4+ Kf6 45. Kf2 Ke7 46. Rc8 Kxd7 47. Rxc3 Rf5+ 1/2-1/2

[Event "TCh-RUS Premier 2022"]
[Site "Sochi RUS"]
[Date "2022.05.07"]
[Round "5.3"]
[Board "2"]
[White "Potkin, Vladimir"]
[Black "Paravyan, David"]
[Result "1/2-1/2"]
[WhiteTitle "GM"]
[BlackTitle "GM"]
[WhiteElo "2571"]
[BlackElo "2617"]
[WhiteTeam "Sportivnyy klub KPRF (g. Moskva)"]
[BlackTeam "Yuzhnyy Ural - 1 (Chelyabinskaya oblast)"]
[WhiteFideId "4131061"]
[BlackFideId "4194985"]
[EventDate "2022.05.01"]

1. d4 Nf6 2. c4 e6 3. Nf3 d5 4. Nc3 Bb4 5. Bg5 h6 6. Bxf6 Qxf6 7. Qa4+ Nc6 8. e3
O-O 9. Be2 dxc4 10. O-O Bd7 11. Bxc4 Bd6 12. Ne4 Qe7 13. Qc2 e5 14. d5 Nd8 15.
Rac1 f5 16. Nxd6 cxd6 17. Be2 Nf7 18. Qb3 f4 1/2-1/2

[Event "TCh-RUS Premier 2022"]
[Site "Sochi RUS"]
[Date "2022.05.07"]
[Round "5.3"]
[Board "3"]
[White "Kokarev, Dmitry"]
[Black "Dreev, Aleksey"]
[Result "1-0"]
[WhiteTitle "GM"]
[BlackTitle "GM"]
[WhiteElo "2576"]
[BlackElo "2623"]
[WhiteTeam "Yuzhnyy Ural - 1 (Chelyabinskaya oblast)"]
[BlackTeam "Sportivnyy klub KPRF (g. Moskva)"]
[WhiteFideId "4132181"]
[BlackFideId "4100107"]
[EventDate "2022.05.01"]

1. e4 c6 2. d4 d5 3. Nc3 dxe4 4. Nxe4 Nf6 5. Nxf6+ exf6 6. c3 Bd6 7. Bd3 O-O 8.
Ne2 Re8 9. O-O Nd7 10. Bf4 Nf8 11. Qd2 Be6 12. Rfe1 Ng6 13. Bxd6 Qxd6 14. Ng3
Bd5 15. b3 a5 16. Nf5 Qf4 17. Qxf4 Nxf4 18. Bf1 Red8 19. g3 Ne6 20. Bc4 Bxc4 21.
bxc4 g6 22. Ne3 b5 23. Reb1 Rab8 24. d5 cxd5 25. cxb5 Nc5 26. c4 dxc4 27. Nxc4
Nb7 28. Rd1 Kf8 29. Kf1 a4 30. Rab1 Ke7 31. Ke2 Ke6 32. Ke3 Rxd1 33. Rxd1 Rc8
34. Rd4 f5 35. Kd3 Rc5 36. Na3 Rc1 37. Rc4 Ra1 38. Rc6+ Kd7 39. Rc2 Nd6 40. Kd4
f4 41. gxf4 Rd1+ 42. Kc5 Kc7 43. Nc4 Nxc4 44. Rxc4 Rd2 45. a3 Rxf2 46. Rxa4 Rc2+
47. Kb4 Rxh2 48. Ra7+ Kb6 49. Ra6+ Kb7 50. Rf6 Rc2 51. Rxf7+ Rc7 52. Rxc7+ Kxc7 1-0

[Event "TCh-RUS Premier 2022"]
[Site "Sochi RUS"]
[Date "2022.05.07"]
[Round "5.3"]
[Board "4"]
[White "Zvjaginsev, Vadim"]
[Black "Drygalov, Sergey"]
[Result "1/2-1/2"]
[WhiteTitle "GM"]
[BlackTitle "IM"]
[WhiteElo "2599"]
[BlackElo "2546"]
[WhiteTeam "Sportivnyy klub KPRF (g. Moskva)"]
[BlackTeam "Yuzhnyy Ural - 1 (Chelyabinskaya oblast)"]
[WhiteFideId "4113403"]
[BlackFideId "24171743"]
[EventDate "2022.05.01"]

1. Nf3 d5 2. g3 g6 3. Bg2 Bg7 4. d4 Nf6 5. O-O c6 6. Nbd2 O-O 7. Re1 Nbd7 8. e4
dxe4 9. Nxe4 Nxe4 10. Rxe4 e5 11. dxe5 Nxe5 12. Qxd8 Rxd8 13. Bg5 Nxf3+ 14. Bxf3
Bf5 15. Bxd8 Bxe4 16. Bxe4 Rxd8 17. Bd3 Rd7 18. Rb1 1/2-1/2

[Event "TCh-RUS Premier 2022"]
[Site "Sochi RUS"]
[Date "2022.05.07"]
[Round "5.3"]
[Board "5"]
[White "Drygalov, Andrey"]
[Black "Alekseev, Evgeny"]
[Result "1/2-1/2"]
[WhiteTitle "GM"]
[BlackTitle "GM"]
[WhiteElo "2510"]
[BlackElo "2591"]
[WhiteTeam "Yuzhnyy Ural - 1 (Chelyabinskaya oblast)"]
[BlackTeam "Sportivnyy klub KPRF (g. Moskva)"]
[WhiteFideId "24171735"]
[BlackFideId "4138147"]
[EventDate "2022.05.01"]

1. d4 Nf6 2. c4 e6 3. Nf3 d5 4. Nc3 Bb4 5. e3 O-O 6. Bd2 b6 7. cxd5 exd5 8. Bd3
Bb7 9. Qc2 c5 10. O-O c4 11. Be2 Nc6 12. b3 cxb3 13. Qxb3 Bd6 14. Rfc1 Rc8 15.
Nb5 Bb8 16. a4 Qe7 17. Rc2 Ne4 18. Be1 Na5 19. Qb1 1/2-1/2

[Event "TCh-RUS Premier 2022"]
[Site "Sochi RUS"]
[Date "2022.05.07"]
[Round "5.3"]
[Board "6"]
[White "Afanasiev, Nikita"]
[Black "Remizov, Yaroslav"]
[Result "1/2-1/2"]
[WhiteTitle "GM"]
[BlackTitle "IM"]
[WhiteElo "2567"]
[BlackElo "2395"]
[WhiteTeam "Sportivnyy klub KPRF (g. Moskva)"]
[BlackTeam "Yuzhnyy Ural - 1 (Chelyabinskaya oblast)"]
[WhiteFideId "24183555"]
[BlackFideId "34134015"]
[EventDate "2022.05.01"]

1. c4 e6 2. Nc3 d5 3. d4 c6 4. e4 dxe4 5. Nxe4 Bb4+ 6. Bd2 Qxd4 7. Bxb4 Qxe4+ 8.
Ne2 Na6 9. Bf8 Ne7 10. Bxg7 Nb4 11. Qd6 Nd3+ 12. Kd2 Nf5 13. Qxd3 Qxd3+ 14. Kxd3
Nxg7 15. Kc3 b6 16. g4 Bb7 17. Bg2 O-O-O 18. Rad1 c5 19. Bxb7+ Kxb7 20. Ng3 Kc6
21. h4 h6 22. Rhe1 Rxd1 23. Rxd1 Rf8 24. Ne2 f5 25. g5 hxg5 26. hxg5 f4 27. Ng1
e5 28. Nf3 Re8 29. Rd5 e4 30. Ne5+ Kb7 31. Kd2 Ne6 32. Nf7 e3+ 33. Ke1 Rg8 34.
fxe3 fxe3 35. Rd7+ Ka6 36. Rd3 Nxg5 37. Nxg5 Rxg5 38. Ra3+ 1/2-1/2

[Event "TCh-RUS Premier 2022"]
[Site "Sochi RUS"]
[Date "2022.05.07"]
[Round "5.4"]
[Board "1"]
[White "Tomashevsky, Evgeny"]
[Black "Artemiev, Vladislav"]
[Result "1/2-1/2"]
[WhiteTitle "GM"]
[BlackTitle "GM"]
[WhiteElo "2708"]
[BlackElo "2700"]
[WhiteTeam "Gogolevskiy, 14 (g. Moskva)"]
[BlackTeam "Ladya (Respublika Tatarstan)"]
[WhiteFideId "4147235"]
[BlackFideId "24101605"]
[EventDate "2022.05.01"]

1. d4 d5 2. c4 c6 3. Nf3 Nf6 4. Nc3 e6 5. Bg5 Nbd7 6. cxd5 exd5 7. e3 Be7 8. Bd3
O-O 9. Qc2 Re8 10. O-O Nf8 11. Rab1 a5 12. Rbe1 Ne4 13. Bxe7 Qxe7 14. Bxe4 dxe4
15. Nd2 f5 16. f3 exf3 17. Nxf3 Be6 18. e4 f4 19. Ne5 Rad8 20. Qf2 Nd7 21. Nxd7
Qxd7 22. d5 cxd5 23. exd5 Bxd5 24. Rxe8+ Qxe8 25. Nxd5 Rxd5 26. Qxf4 1/2-1/2

[Event "TCh-RUS Premier 2022"]
[Site "Sochi RUS"]
[Date "2022.05.07"]
[Round "5.4"]
[Board "2"]
[White "Timofeev, Artyom"]
[Black "Kobalia, Mikhail"]
[Result "1/2-1/2"]
[WhiteTitle "GM"]
[BlackTitle "GM"]
[WhiteElo "2574"]
[BlackElo "2596"]
[WhiteTeam "Ladya (Respublika Tatarstan)"]
[BlackTeam "Gogolevskiy, 14 (g. Moskva)"]
[WhiteFideId "4140419"]
[BlackFideId "4119150"]
[EventDate "2022.05.01"]

1. e4 e5 2. Nc3 Nc6 3. Bc4 Nf6 4. d3 Bb4 5. Bd2 Bxc3 6. Bxc3 d5 7. exd5 Nxd5 8.
Nf3 Bg4 9. O-O Qd6 10. h3 Nxc3 11. bxc3 Bh5 12. Bb5 1/2-1/2

[Event "TCh-RUS Premier 2022"]
[Site "Sochi RUS"]
[Date "2022.05.07"]
[Round "5.4"]
[Board "3"]
[White "Murzin, Volodar"]
[Black "Tsydypov, Zhamsaran"]
[Result "1/2-1/2"]
[WhiteTitle "IM"]
[BlackTitle "GM"]
[WhiteElo "2542"]
[BlackElo "2533"]
[WhiteTeam "Gogolevskiy, 14 (g. Moskva)"]
[BlackTeam "Ladya (Respublika Tatarstan)"]
[WhiteFideId "44155573"]
[BlackFideId "4108566"]
[EventDate "2022.05.01"]

1. e4 c5 2. Nf3 d6 3. Bb5+ Nd7 4. O-O Nf6 5. Re1 a6 6. Bf1 g6 7. c3 Bg7 8. d4
O-O 9. Nbd2 cxd4 10. cxd4 b5 11. a4 bxa4 12. Qxa4 Bb7 13. e5 dxe5 14. dxe5 Nd5
15. e6 fxe6 16. Ne4 h6 17. Bd2 N5f6 18. Nxf6+ exf6 19. Ba5 Qe8 20. Nd4 Ne5 21.
f4 Qxa4 22. Rxa4 Nc6 23. Nxe6 Nxa5 24. Nxf8 Bxf8 25. Rxa5 Bb4 26. Rea1 Bxa5 27.
Rxa5 Kf7 28. b4 Rc8 29. Bxa6 Bxa6 30. Rxa6 Rc4 31. f5 gxf5 32. b5 Rb4 33. Rb6
Rb2 34. Rb8 f4 35. b6 Kg6 36. b7 Kf5 37. Kf1 h5 38. Rh8 1/2-1/2

[Event "TCh-RUS Premier 2022"]
[Site "Sochi RUS"]
[Date "2022.05.07"]
[Round "5.4"]
[Board "4"]
[White "Faizrakhmanov, Ramil"]
[Black "Savchenko, Boris"]
[Result "1-0"]
[WhiteTitle "IM"]
[BlackTitle "GM"]
[WhiteElo "2480"]
[BlackElo "2524"]
[WhiteTeam "Ladya (Respublika Tatarstan)"]
[BlackTeam "Gogolevskiy, 14 (g. Moskva)"]
[WhiteFideId "24103209"]
[BlackFideId "4147332"]
[EventDate "2022.05.01"]

1. d4 Nf6 2. c4 g6 3. Nc3 Bg7 4. e4 d6 5. Nf3 O-O 6. h3 c5 7. d5 b5 8. cxb5 a6
9. a4 axb5 10. Bxb5 Ne8 11. O-O Nc7 12. Bf4 Ba6 13. Re1 Nd7 14. e5 dxe5 15. Nxe5
Nxe5 16. Bxa6 Rxa6 17. Bxe5 Bxe5 18. Rxe5 e6 19. Qe2 Qa8 20. d6 Rxd6 21. Ne4 Rc6
22. Rxc5 Nd5 23. Rxc6 Qxc6 24. Qf3 f5 25. Nc3 Nb4 26. Qxc6 Nxc6 27. Nb5 e5 28.
Rc1 Nb4 29. b3 Kf7 30. Rc4 Nd3 31. a5 Ra8 32. b4 Kf6 33. Nc7 Ra7 34. a6 Nxb4 35.
Nb5 Rxa6 36. Rxb4 e4 37. Nc3 Ra3 38. Nd5+ Ke5 39. Ne3 Ra1+ 40. Kh2 Ra2 41. Rb5+
Kf4 42. Nd5+ Kg5 43. Nc3 Rc2 44. Nxe4+ Kh6 45. Nf6 Kg7 46. Nd5 Rxf2 47. Rb7+ Kh6
48. Nf6 Rd2 49. h4 g5 50. Rb6 Rd4 51. hxg5+ Kxg5 52. Nxh7+ Kh5 53. Nf8 Re4 54.
Ne6 f4 55. Rb5+ Kg4 56. Ng5 Re2 57. Nh3 1-0

[Event "TCh-RUS Premier 2022"]
[Site "Sochi RUS"]
[Date "2022.05.07"]
[Round "5.4"]
[Board "5"]
[White "Khegay, Dmitriy"]
[Black "Hasangatin, Ramil"]
[Result "1-0"]
[WhiteTitle "GM"]
[BlackTitle "GM"]
[WhiteElo "2523"]
[BlackElo "2479"]
[WhiteTeam "Gogolevskiy, 14 (g. Moskva)"]
[BlackTeam "Ladya (Respublika Tatarstan)"]
[WhiteFideId "24153729"]
[BlackFideId "4122160"]
[EventDate "2022.05.01"]

1. e4 c5 2. Nf3 e6 3. d4 cxd4 4. Nxd4 Nc6 5. Nc3 Bb4 6. Nxc6 dxc6 7. Qxd8+ Kxd8
8. Bf4 Nf6 9. f3 Ke7 10. h4 Re8 11. O-O-O Kf8 12. a3 Bxc3 13. Bd6+ Kg8 14. bxc3
e5 15. g4 h5 16. g5 Nh7 17. Be2 Nf8 18. f4 exf4 19. Bxh5 Rxe4 20. Rdf1 Ng6 21.
Bd1 Bf5 22. h5 Rd8 23. hxg6 Bxg6 24. Bxf4 Ra4 25. Rh4 1-0

[Event "TCh-RUS Premier 2022"]
[Site "Sochi RUS"]
[Date "2022.05.07"]
[Round "5.4"]
[Board "6"]
[White "Gaifullin, Artur"]
[Black "Nikitenko, Mihail"]
[Result "1-0"]
[WhiteTitle "FM"]
[BlackTitle "IM"]
[WhiteElo "2445"]
[BlackElo "2479"]
[WhiteTeam "Ladya (Respublika Tatarstan)"]
[BlackTeam "Gogolevskiy, 14 (g. Moskva)"]
[WhiteFideId "24168653"]
[BlackFideId "13506862"]
[EventDate "2022.05.01"]

1. Nf3 d5 2. c4 d4 3. g3 Nc6 4. Bg2 e5 5. O-O Nf6 6. d3 Bd6 7. Na3 O-O 8. Nc2
Re8 9. Rb1 a5 10. b3 Nb4 11. a3 Nxc2 12. Qxc2 Qe7 13. Qb2 c5 14. Bg5 h6 15. Bxf6
Qxf6 16. Nd2 Bf8 17. Bd5 Qe7 18. e4 Bh3 19. f4 Bxf1 20. Rxf1 Qc7 21. a4 Ra6 22.
f5 Be7 23. h4 Rf8 24. Nf3 g6 25. Kg2 Kh7 26. g4 gxf5 27. exf5 Rg8 28. Kh3 Bf6
29. Rg1 e4 30. Bxe4 Qf4 31. Qh2 Qxh2+ 32. Kxh2 Kg7 33. Kh3 Rb6 34. g5 hxg5 35.
hxg5 Bd8 36. Ne5 Rh8+ 37. Kg4 f6 38. Nd7 Rd6 39. Nxc5 fxg5 40. Nxb7 Rdh6 41.
Nxd8 Rh4+ 42. Kf3 Rf4+ 43. Ke2 Rxd8 44. Rxg5+ Kf7 45. c5 Rh8 46. c6 Rh2+ 47. Bg2
Kf6 48. Rg8 Rh7 49. Rf8+ Ke5 50. Re8+ Kf6 51. Rg8 Rxf5 52. Rf8+ Rf7 53. Rd8 Rf2+
54. Kxf2 Ke7+ 55. Ke2 Kxd8 56. Bd5 Rf5 57. Bc4 Kc7 58. Bb5 Kb6 59. Kd1 Rf7 60.
b4 axb4 61. Kc2 Ka5 62. Kb3 Rf5 63. Kb2 Rc5 64. Kb3 Rc3+ 65. Kb2 Kb6 66. Ka2 Kc7
67. Kb2 Kd6 68. Ka2 Kd5 69. Kb1 b3 70. Kb2 Kd6 71. a5 Rc5 72. Ba4 Rxa5 73. Kxb3
Rc5 74. Kb4 Rc3 75. Bb5 Kc7 76. Ka5 Rc2 77. Ba4 Rc1 78. Bb5 Rc3 79. Ka4 Kb6 80.
Kb4 Rc1 81. Ba4 Rc5 82. Bb3 Kxc6 83. Bc4 Kd6 84. Kb3 Ke5 85. Kc2 Kf4 86. Kd2 Rh5
87. Kc2 Ke3 88. Kb3 Rh8 89. Kb4 Rc8 90. Kb5 Kd2 91. Kb4 Rb8+ 92. Kc5 Kc3 93. Kd5
Re8 1-0